000
00258nam a2200097Ia 4500
008
230508s2014 xx 000 0 und d
041
_a
eng
100
_a
KHURMI R.S./ GUPTA J.K.
245
_a
A TEXTBOOK OF MACHINE DESIGN
260
_b
EURASIA PUBLISHING H
_c
2014
999
_c
734640
_d
734640